| 000 | 00483nab a2200145Ia 4500 | ||
|---|---|---|---|
| 003 | ES-SlBCS | ||
| 005 | 20210601133832.0 | ||
| 008 | 140529s1982 xxu||||| |||| 00| 0 por d | ||
| 041 | _apor | ||
| 100 | 1 |
_aMendonça de Brito, Rosa _9210255 |
|
| 245 | 0 | 0 |
_aAntônio Rangel de Torres Bandeira. Um Tradicionalista? _c Rosa Mendonça De Brito |
| 600 | 1 | 4 |
_aBandeira, A. Rangel de Torres _9210344 |
| 773 | 0 |
_tPresença Filosofica _gvol. 8, nº. 3-4, 1982, págs. 57-59 _wRev966 |
|
| 942 | _cAR | ||
| 999 |
_c602879 _d602879 |
||